Get the Picture: Pie Charts II Quiz Stats

 Plays Quiz Updated Sep 21, 2019

Score 0/12 Timer 03:00
2 Plays Today
Question Answer Wrong Answers
Populated Continents
(A) Beginning with a Vowel
(B) Beginning with a Consonant
A 67%, B 33%
56.5%
A 17%, B 83%
13.3%
A 33%, B 67%
19.2%
New England States (Common Name)
(A) Contain the Letter 'P'
(B) Do Not Contain the Letter 'P'
A 17%, B 83%
54.9%
A 33%, B 67%
20.7%
A 67%, B 33%
13.4%
World Capitals
(A) Beginning with F
(B) Beginning with G
A 33%, B 67%
51.1%
A 17%, B 83%
18.8%
A 67%, B 33%
18.8%
UN Official Languages
(A) European
(B) Non-European
A 67%, B 33%
50%
A 17%, B 83%
13.1%
A 33%, B 67%
25.1%
Italy's Bordering Countries
(A) 1 Word Name
(B) Multiple Word Names
A 67%, B 33%
47.6%
A 17%, B 83%
16.7%
A 33%, B 67%
24.9%
EON James Bond Actors (1962-2020)
(A) In Fewer than 3 Movies
(B) In More than 3 Movies
A 33%, B 67%
45.4%
A 17%, B 83%
25.1%
A 67%, B 33%
17.3%
NHL Original Six
(A) Located in USA
(B) Located in Canada
A 67%, B 33%
45.1%
A 17%, B 83%
13.6%
A 33%, B 67%
29.6%
Jane Austen Novels
(A) 1 Word Title
(B) Multiple Word Title
A 33%, B 67%
43.8%
A 17%, B 83%
28.3%
A 67%, B 33%
16.7%
Rubik's Cube Colours
(A) Not a Rainbow Color
(B) Color of the Rainbow
A 17%, B 83%
43.6%
A 33%, B 67%
28.3%
A 67%, B 33%
17.2%
Countries Beginning with 'K'
(A) Island Countries
(B) Mainland Countries
A 17%, B 83%
40.5%
A 33%, B 67%
33.5%
A 67%, B 33%
15.3%
Noble Gases
(A) Ending in -ium
(B) Ending in -on
A 17%, B 83%
36.8%
A 33%, B 67%
30%
A 67%, B 33%
21.7%
Types of Chess Pieces
(A) 1 for each player
(B) Multiple for each player
A 33%, B 67%
31.2%
A 17%, B 83%
43%
A 67%, B 33%
14.6%

Today's Daily Dose

You're not logged in!

Compare scores with friends on all Sporcle quizzes.
OR
Log In

Sporcle TV

Today on Sporcle TV


Watch our educational content, quiz creation guides, and fun videos on Sporcle TV.

Show Comments

Extras

Top Quizzes Today


Score Distribution

Your Account Isn't Verified!

In order to create a playlist on Sporcle, you need to verify the email address you used during registration. Go to your Sporcle Settings to finish the process.

Report this User

Report this user for behavior that violates our Community Guidelines.

Details: